000 00292nam a2200121Ia 4500
008 220204s9999 xx 000 0 und d
082 _a633.491(540)
_bPUS
100 _aPUSHKARNTH
245 0 _aPotato in India: Varieties
260 _aNew Delhi
_bICAR
_c1964
650 _aPotato
942 _cBK
999 _c20710
_d20710